000 00728nam a2200217 i 4500
001 166319
003 ES-MaACL
005 20250809081725.0
008 190925q19201929it |||| | ita d
100 0 _aGauthiez, Pierre.
_956044
245 1 0 _aFlorencia /
_cPierre Gauthiez ; versión española de Joaquín Gallardo ; portada de W. F. Burger.
260 _aBarcelona :
_bEdita,
_c[192-?]
300 _a160 p. :
_bil. ;
_c21 cm.
490 1 _aColección "Los bellos paises"
651 4 _aFlorencia-
_xHistoria.
_9137161
700 1 _aGallardo, Joaquín
_953483
700 1 _aBurger, W. F.
_9168329
830 0 0 _aColección "Los bellos países"
_9186773
852 _aES-MaACL
_jP-862-6
999 _c166319
_d166319